Modern Database management (Record no. 7432)

000 -LEADER
fixed length control field 00486 a2200169 4500
082 ## - DEWEY DECIMAL CLASSIFICATION NUMBER
Classification number 005.74 MCF
090 ## - LOCALLY ASSIGNED LC-TYPE CALL NUMBER (OCLC); LOCAL CALL NUMBER (RLIN)
-- 3525
-- 3525
100 ## - MAIN ENTRY--PERSONAL NAME
Personal name Fred R., McFadden,
110 ## - MAIN ENTRY--CORPORATE NAME
Corporate name or jurisdiction name as entry element Hoffer, Jeffrey A.
245 ## - TITLE STATEMENT
Title Modern Database management
Statement of responsibility, etc. McFadden, Fred R.
250 ## - EDITION STATEMENT
Edition statement Fourth ed.
260 ## - PUBLICATION, DISTRIBUTION, ETC.
Place of publication, distribution, etc. Menlo Park, Calif. :
Name of publisher, distributor, etc. Benjamin/Cummings Pub. Co.,
Date of publication, distribution, etc. c1988.
300 ## - PHYSICAL DESCRIPTION
Extent xxv, 594 p. :
Other physical details ill. ;
Dimensions 24 cm.
650 ## - SUBJECT ADDED ENTRY--TOPICAL TERM
General subdivision Database management.
655 ## - INDEX TERM--GENRE/FORM
Genre/form data or focus term includes index
942 ## - ADDED ENTRY ELEMENTS (KOHA)
Koha item type Book
Call number prefix 005.74 MCF
Holdings
Withdrawn status Lost status Damaged status Not for loan Collection code Permanent Location Current Location Shelving location Date acquired Total Checkouts Full call number Barcode Date last seen Price effective from Koha item type Source of acquisition Cost, normal purchase price
          Central Library (CL) Central Library (CL) First Floor - Databases 07/03/2001   005.74 MCF SEECS001051 11/14/2012 01/05/2017 Book    
          Central Library (CL) Central Library (CL) First Floor - Databases 05/26/2001   005.74 MCF SEECS000874 11/14/2012 01/05/2017 Book Link, Rawalpindi 104.50
© 2023 Central Library, National University of Sciences and Technology. All Rights Reserved.